[Event "DVM U20w 2023"]
[Site "Magdeburg GER"]
[Date "2023.12.28"]
[Round "3"]
[White "Dieckmann, Phibie"]
[Black "Erakhnovich, Sofia"]
[Result "1-0"]
[Termination "normal"]
[Board "9.4"]
[WhiteElo "1083"]
[BlackElo "789"]
[WhiteClock "00:14:47"]
[BlackClock "00:19:45"]
[WhiteTeam "SC Porta Westfalica 1950"]
[BlackTeam "SC Strateg Stuttgart"]
[PlyCount "61"]
[WhiteFideId "34607161"]
[BlackFideId "34675752"]
[EventCountry "GER"]
[EventRounds "7"]
[EventType "team-swiss"]
[EventDate "2023.12.26"]

1. d4 {[%clk 01:30:55]} {[%emt 00:00:04]} d5 {[%clk 01:30:47]} {[%emt
00:00:14]} 2. Nf3 {[%clk 01:31:15]} {[%emt 00:00:10]} Nf6 {[%clk 01:31:05]}
{[%emt 00:00:12]} 3. e3 {[%clk 01:31:28]} {[%emt 00:00:16]} e6 {[%clk
01:31:28]} {[%emt 00:00:07]} 4. Bd3 {[%clk 01:31:34]} {[%emt 00:00:25]} Nbd7
{[%clk 01:31:13]} {[%emt 00:00:44]} 5. O-O {[%clk 01:31:27]} {[%emt 00:00:38]}
Bd6 {[%clk 01:28:25]} {[%emt 00:03:17]} 6. b3 {[%clk 01:29:37]} {[%emt
00:02:20]} O-O {[%clk 01:28:37]} {[%emt 00:00:19]} 7. Bb2 {[%clk 01:29:11]}
{[%emt 00:00:56]} b6 {[%clk 01:23:39]} {[%emt 00:05:28]} 8. Nbd2 {[%clk
01:26:43]} {[%emt 00:02:58]} Re8 {[%clk 01:20:31]} {[%emt 00:03:37]} 9. Ne5
{[%clk 01:24:14]} {[%emt 00:03:00]} Bb7 {[%clk 01:13:33]} {[%emt 00:07:30]} 10.
f4 {[%clk 01:09:46]} {[%emt 00:14:58]} a6 {[%clk 01:07:52]} {[%emt 00:06:09]}
11. Qf3 {[%clk 01:04:32]} {[%emt 00:05:45]} b5 {[%clk 00:53:02]} {[%emt
00:15:20]} 12. Qh3 {[%clk 01:00:12]} {[%emt 00:04:48]} c5 {[%clk 00:44:10]}
{[%emt 00:09:23]} 13. Nxf7 {[%clk 00:57:20]} {[%emt 00:03:22]} Kxf7 {[%clk
00:39:54]} {[%emt 00:00:23]} 14. Nf3 {[%clk 00:56:24]} {[%emt 00:05:50]} Nf8
{[%clk 00:39:11]} {[%emt 00:01:11]} 15. Ng5+ {[%clk 00:50:42]} {[%emt
00:06:12]} Kg8 {[%clk 00:37:20]} {[%emt 00:02:21]} 16. Rf3 {[%clk 00:40:54]}
{[%emt 00:10:18]} Qd7 {[%clk 00:29:18]} {[%emt 00:08:32]} 17. Rg3 {[%clk
00:36:27]} {[%emt 00:04:57]} g6 {[%clk 00:26:33]} {[%emt 00:03:15]} 18. dxc5
{[%clk 00:34:21]} {[%emt 00:02:34]} Bxc5 {[%clk 00:26:20]} {[%emt 00:00:44]}
19. Bxf6 {[%clk 00:33:57]} {[%emt 00:00:55]} d4 {[%clk 00:26:05]} {[%emt
00:00:44]} 20. e4 {[%clk 00:30:34]} {[%emt 00:03:52]} Bd6 {[%clk 00:23:31]}
{[%emt 00:03:06]} 21. Rg4 {[%clk 00:26:10]} {[%emt 00:04:52]} e5 {[%clk
00:23:26]} {[%emt 00:00:36]} 22. f5 {[%clk 00:25:22]} {[%emt 00:01:18]} Be7
{[%clk 00:20:36]} {[%emt 00:03:20]} 23. Bxe7 {[%clk 00:20:17]} {[%emt
00:05:34]} Rxe7 {[%clk 00:20:54]} {[%emt 00:00:13]} 24. f6 {[%clk 00:17:58]}
{[%emt 00:02:49]} Ree8 {[%clk 00:21:20]} {[%emt 00:00:04]} 25. f7+ {[%clk
00:18:05]} {[%emt 00:00:24]} Kg7 {[%clk 00:21:29]} {[%emt 00:00:19]} 26. fxe8=Q
Qxe8 {[%clk 00:21:51]} 27. Rf1 {[%clk 00:17:10]} {[%emt 00:00:27]} Bc8 {[%clk
00:20:11]} {[%emt 00:02:10]} 28. c4 {[%clk 00:14:11]} {[%emt 00:03:30]} Bxg4
{[%clk 00:20:29]} {[%emt 00:00:11]} 29. Qxg4 {[%clk 00:14:25]} {[%emt
00:00:16]} bxc4 {[%clk 00:20:48]} {[%emt 00:00:10]} 30. Bxc4 {[%clk 00:14:41]}
{[%emt 00:00:13]} Qd7 {[%clk 00:19:45]} {[%emt 00:01:33]} 31. Rf7+ {[%clk
00:14:47]} {[%emt 00:00:25]} 1-0

[Event "DVM U20w 2023"]
[Site "Magdeburg GER"]
[Date "2023.12.28"]
[Round "3"]
[White "Kanno, Clara Yumi"]
[Black "Wolterink, Jule"]
[Result "1/2-1/2"]
[Termination "normal"]
[Board "10.1"]
[WhiteElo "1440"]
[BlackElo "1474"]
[WhiteClock "00:04:20"]
[BlackClock "00:06:24"]
[WhiteTeam "SF Essen-Werden 1924/80"]
[BlackTeam "SK Lehrte 1919"]
[PlyCount "72"]
[WhiteFideId "16259661"]
[BlackFideId "12981206"]
[EventCountry "GER"]
[EventRounds "7"]
[EventType "team-swiss"]
[EventDate "2023.12.26"]

1. d4 {[%clk 01:30:55]} {[%emt 00:00:03]} d5 {[%clk 01:30:56]} {[%emt
00:00:05]} 2. Nf3 {[%clk 01:30:38]} {[%emt 00:00:48]} Bf5 {[%clk 01:30:45]}
{[%emt 00:00:42]} 3. e3 {[%clk 01:30:44]} {[%emt 00:00:24]} Nf6 {[%clk
01:30:25]} {[%emt 00:00:50]} 4. c3 {[%clk 01:30:57]} {[%emt 00:00:17]} e6
{[%clk 01:30:14]} {[%emt 00:00:41]} 5. Nbd2 {[%clk 01:31:13]} {[%emt 00:00:14]}
Bd6 {[%clk 01:29:39]} {[%emt 00:01:05]} 6. Ne5 {[%clk 01:31:11]} {[%emt
00:00:31]} c5 {[%clk 01:28:22]} {[%emt 00:01:47]} 7. Be2 {[%clk 01:30:47]}
{[%emt 00:00:54]} Nc6 {[%clk 01:27:20]} {[%emt 00:01:33]} 8. f4 {[%clk
01:30:25]} {[%emt 00:00:51]} h6 {[%clk 01:22:55]} {[%emt 00:04:55]} 9. O-O
{[%clk 01:22:26]} {[%emt 00:08:29]} O-O {[%clk 01:21:55]} {[%emt 00:01:31]} 10.
Qe1 {[%clk 01:20:08]} {[%emt 00:02:47]} Ne4 {[%clk 01:18:29]} {[%emt 00:03:57]}
11. Nxe4 {[%clk 01:14:47]} {[%emt 00:05:49]} Bxe4 {[%clk 01:18:03]} {[%emt
00:00:57]} 12. Bd2 {[%clk 01:11:21]} {[%emt 00:03:57]} Ne7 {[%clk 01:14:30]}
{[%emt 00:04:03]} 13. g4 {[%clk 01:08:02]} {[%emt 00:03:48]} c4 {[%clk
01:01:57]} {[%emt 00:13:04]} 14. Qg3 {[%clk 01:00:20]} {[%emt 00:08:10]} b5
{[%clk 00:56:17]} {[%emt 00:06:11]} 15. Rf2 {[%clk 00:56:23]} {[%emt 00:04:27]}
a5 {[%clk 00:55:19]} {[%emt 00:01:28]} 16. h4 {[%clk 00:50:47]} {[%emt
00:06:06]} f6 {[%clk 00:52:28]} {[%emt 00:03:22]} 17. Nf3 {[%clk 00:49:19]}
{[%emt 00:01:59]} b4 {[%clk 00:50:29]} {[%emt 00:02:29]} 18. g5 {[%clk
00:47:16]} {[%emt 00:02:32]} Nf5 {[%clk 00:48:20]} {[%emt 00:02:40]} 19. Qg4
{[%clk 00:44:53]} {[%emt 00:02:48]} hxg5 {[%clk 00:41:30]} {[%emt 00:07:23]}
20. hxg5 {[%clk 00:44:23]} {[%emt 00:01:01]} bxc3 {[%clk 00:39:41]} {[%emt
00:02:19]} 21. bxc3 {[%clk 00:41:40]} {[%emt 00:03:14]} Rb8 {[%clk 00:36:48]}
{[%emt 00:03:23]} 22. g6 {[%clk 00:33:22]} {[%emt 00:08:48]} Qe8 {[%clk
00:32:43]} {[%emt 00:04:35]} 23. Qh5 {[%clk 00:31:22]} {[%emt 00:02:20]} Nh6
{[%clk 00:32:57]} {[%emt 00:00:26]} 24. Nh4 {[%clk 00:29:39]} {[%emt 00:02:11]}
Rb2 {[%clk 00:27:43]} {[%emt 00:05:45]} 25. Bf3 {[%clk 00:22:26]} {[%emt
00:07:43]} Bxf3 {[%clk 00:24:54]} {[%emt 00:03:19]} 26. Qxf3 {[%clk 00:21:47]}
{[%emt 00:01:07]} f5 {[%clk 00:22:56]} {[%emt 00:02:30]} 27. Qh5 {[%clk
00:13:14]} {[%emt 00:09:01]} Be7 {[%clk 00:20:28]} {[%emt 00:02:59]} 28. Nf3
{[%clk 00:12:03]} {[%emt 00:01:42]} Qc8 {[%clk 00:10:03]} {[%emt 00:10:55]} 29.
Ne5 {[%clk 00:11:04]} {[%emt 00:01:28]} Rf6 {[%clk 00:07:35]} {[%emt 00:02:58]}
30. Nf7 {[%clk 00:10:08]} {[%emt 00:01:27]} Nxf7 {[%clk 00:07:14]} {[%emt
00:00:51]} 31. gxf7+ {[%clk 00:09:33]} {[%emt 00:01:05]} Rxf7 {[%clk 00:07:33]}
{[%emt 00:00:12]} 32. Rh2 {[%clk 00:08:58]} {[%emt 00:01:03]} Rf8 {[%clk
00:07:05]} {[%emt 00:00:59]} 33. Qh7+ {[%clk 00:05:15]} {[%emt 00:04:13]} Kf7
{[%clk 00:07:27]} {[%emt 00:00:08]} 34. Qh5+ {[%clk 00:04:44]} {[%emt
00:01:00]} Kg8 {[%clk 00:06:03]} {[%emt 00:01:55]} 35. Qh7+ {[%clk 00:04:36]}
{[%emt 00:00:38]} Kf7 {[%clk 00:06:24]} {[%emt 00:00:09]} 36. Qh5+ {[%clk
00:04:20]} {[%emt 00:00:46]} Kg8 {[%emt 00:04:50]} 1/2-1/2

[Event "DVM U20w 2023"]
[Site "Magdeburg GER"]
[Date "2023.12.28"]
[Round "3"]
[White "Stelter, Finja"]
[Black "Walter, Kiara Laurien"]
[Result "1/2-1/2"]
[Termination "normal"]
[Board "10.2"]
[WhiteElo "1310"]
[BlackElo "1450"]
[WhiteClock "00:00:57"]
[BlackClock "00:03:25"]
[WhiteTeam "SK Lehrte 1919"]
[BlackTeam "SF Essen-Werden 1924/80"]
[PlyCount "81"]
[WhiteFideId "16298624"]
[BlackFideId "16284542"]
[EventCountry "GER"]
[EventRounds "7"]
[EventType "team-swiss"]
[EventDate "2023.12.26"]

1. e4 {[%clk 01:30:57]} {[%emt 00:00:03]} c5 {[%clk 01:30:51]} {[%emt
00:00:09]} 2. Nf3 {[%clk 01:31:18]} {[%emt 00:00:10]} e6 {[%clk 01:31:15]}
{[%emt 00:00:05]} 3. d4 {[%clk 01:31:24]} {[%emt 00:00:24]} cxd4 {[%clk
01:31:41]} {[%emt 00:00:04]} 4. Nxd4 {[%clk 01:31:47]} {[%emt 00:00:08]} Nc6
{[%clk 01:32:04]} {[%emt 00:00:08]} 5. Nxc6 {[%clk 01:31:50]} {[%emt 00:00:26]}
bxc6 {[%clk 01:32:17]} {[%emt 00:00:16]} 6. Bd3 {[%clk 01:32:06]} {[%emt
00:00:14]} Qc7 {[%clk 01:32:38]} {[%emt 00:00:10]} 7. O-O {[%clk 01:26:14]}
{[%emt 00:06:22]} Nf6 {[%clk 01:30:01]} {[%emt 00:03:06]} 8. Qe2 {[%clk
01:25:44]} {[%emt 00:01:01]} d5 {[%clk 01:24:34]} {[%emt 00:05:57]} 9. c4
{[%clk 01:17:27]} {[%emt 00:08:46]} Bd6 {[%clk 01:15:54]} {[%emt 00:09:11]} 10.
f4 {[%clk 01:11:07]} {[%emt 00:06:50]} e5 {[%clk 01:03:49]} {[%emt 00:12:35]}
11. cxd5 {[%clk 00:58:09]} {[%emt 00:13:27]} cxd5 {[%clk 01:01:55]} {[%emt
00:02:24]} 12. exd5 {[%clk 00:56:30]} {[%emt 00:02:09]} O-O {[%clk 00:59:50]}
{[%emt 00:02:35]} 13. Qf3 {[%clk 00:52:36]} {[%emt 00:04:23]} Bg4 {[%clk
00:54:19]} {[%emt 00:06:02]} 14. Qg3 {[%clk 00:51:38]} {[%emt 00:01:28]} exf4
{[%clk 00:53:16]} {[%emt 00:01:33]} 15. Bxf4 {[%clk 00:49:11]} {[%emt
00:02:57]} Bxf4 {[%clk 00:52:19]} {[%emt 00:01:28]} 16. Qxf4 {[%clk 00:46:54]}
{[%emt 00:02:47]} Qc5+ {[%clk 00:51:43]} {[%emt 00:01:05]} 17. Kh1 {[%clk
00:42:23]} {[%emt 00:05:01]} Qxd5 {[%clk 00:50:39]} {[%emt 00:01:34]} 18. Bc4
{[%clk 00:38:26]} {[%emt 00:04:27]} Qh5 {[%clk 00:47:10]} {[%emt 00:04:00]} 19.
Nc3 {[%clk 00:35:57]} {[%emt 00:02:59]} Rae8 {[%clk 00:36:44]} {[%emt
00:10:55]} 20. Qc7 {[%clk 00:26:54]} {[%emt 00:09:31]} a5 {[%clk 00:29:13]}
{[%emt 00:08:04]} 21. Rae1 {[%clk 00:17:53]} {[%emt 00:09:29]} Rc8 {[%clk
00:27:29]} {[%emt 00:02:15]} 22. Qf4 {[%clk 00:18:00]} {[%emt 00:00:22]} Rc5
{[%clk 00:24:59]} {[%emt 00:03:01]} 23. Ne4 {[%clk 00:14:01]} {[%emt 00:04:29]}
Nxe4 {[%clk 00:15:36]} {[%emt 00:09:53]} 24. Qxe4 {[%clk 00:14:14]} {[%emt
00:00:17]} Bd7 {[%clk 00:13:55]} {[%emt 00:02:11]} 25. Qd4 {[%clk 00:11:22]}
{[%emt 00:03:19]} Rxc4 {[%clk 00:11:40]} {[%emt 00:02:50]} 26. Qxd7 {[%clk
00:09:57]} {[%emt 00:01:55]} h6 {[%clk 00:08:31]} {[%emt 00:03:39]} 27. Rf2
{[%clk 00:06:40]} {[%emt 00:03:47]} Qh4 {[%clk 00:06:44]} {[%emt 00:02:16]} 28.
Rfe2 {[%clk 00:06:20]} {[%emt 00:00:51]} Rc2 {[%clk 00:05:02]} {[%emt
00:02:11]} 29. Qb5 {[%clk 00:05:30]} {[%emt 00:01:18]} Rxe2 {[%clk 00:04:43]}
{[%emt 00:00:49]} 30. Qxe2 {[%clk 00:05:26]} {[%emt 00:00:35]} Qb4 {[%clk
00:04:48]} {[%emt 00:00:26]} 31. Rc1 {[%clk 00:05:05]} {[%emt 00:00:50]} Rb8
{[%clk 00:03:54]} {[%emt 00:01:24]} 32. b3 {[%clk 00:04:45]} {[%emt 00:00:50]}
Rd8 {[%clk 00:03:36]} {[%emt 00:00:48]} 33. Rc4 {[%clk 00:04:26]} {[%emt
00:00:50]} Qd6 {[%clk 00:03:45]} {[%emt 00:00:20]} 34. Re4 {[%clk 00:03:38]}
{[%emt 00:01:18]} Qd1+ {[%clk 00:03:03]} {[%emt 00:01:13]} 35. Qe1 {[%clk
00:03:55]} {[%emt 00:00:13]} Qxe1+ {[%clk 00:03:23]} {[%emt 00:00:10]} 36. Rxe1
{[%clk 00:04:20]} {[%emt 00:00:05]} Rd2 {[%clk 00:03:47]} {[%emt 00:00:06]} 37.
Ra1 {[%clk 00:04:41]} {[%emt 00:00:08]} f5 {[%clk 00:03:57]} {[%emt 00:00:22]}
38. Kg1 {[%clk 00:04:24]} {[%emt 00:00:47]} Kf7 {[%clk 00:04:14]} {[%emt
00:00:12]} 39. h3 {[%clk 00:04:06]} {[%emt 00:00:49]} g5 {[%clk 00:04:31]}
{[%emt 00:00:13]} 40. Rf1 {[%clk 00:02:26]} {[%emt 00:02:10]} Ke6 {[%clk
00:03:25]} {[%emt 00:01:36]} 41. Rf2 {[%clk 00:00:57]} {[%emt 00:02:00]}
1/2-1/2

[Event "DVM U20w 2023"]
[Site "Magdeburg GER"]
[Date "2023.12.28"]
[Round "3"]
[White "Barthelmes, Venice"]
[Black "Thiele, Lea-Marie"]
[Result "1-0"]
[Termination "normal"]
[Board "10.3"]
[WhiteElo "1436"]
[BlackElo "1337"]
[WhiteClock "00:30:15"]
[BlackClock "00:45:35"]
[WhiteTeam "SF Essen-Werden 1924/80"]
[BlackTeam "SK Lehrte 1919"]
[PlyCount "67"]
[WhiteFideId "16261003"]
[BlackFideId "16298616"]
[EventCountry "GER"]
[EventRounds "7"]
[EventType "team-swiss"]
[EventDate "2023.12.26"]

1. e4 {[%clk 01:30:50]} {[%emt 00:00:10]} e6 {[%clk 01:30:49]} {[%emt
00:00:12]} 2. d4 {[%clk 01:31:06]} {[%emt 00:00:13]} d5 {[%clk 01:31:09]}
{[%emt 00:00:11]} 3. exd5 {[%clk 01:31:28]} {[%emt 00:00:07]} exd5 {[%clk
01:31:34]} {[%emt 00:00:05]} 4. Bd3 {[%clk 01:31:41]} {[%emt 00:00:17]} Nf6
{[%clk 01:31:13]} {[%emt 00:00:51]} 5. Nf3 {[%clk 01:31:44]} {[%emt 00:00:26]}
Bd6 {[%clk 01:31:33]} {[%emt 00:00:11]} 6. O-O {[%clk 01:31:56]} {[%emt
00:00:17]} O-O {[%clk 01:31:32]} {[%emt 00:00:32]} 7. Bg5 {[%clk 01:31:44]}
{[%emt 00:00:41]} Bg4 {[%clk 01:31:24]} {[%emt 00:00:38]} 8. Nbd2 {[%clk
01:31:56]} {[%emt 00:00:17]} Nbd7 {[%clk 01:31:45]} {[%emt 00:00:11]} 9. c3
{[%clk 01:31:36]} {[%emt 00:00:49]} c6 {[%clk 01:29:44]} {[%emt 00:02:32]} 10.
Qc2 {[%clk 01:31:44]} {[%emt 00:00:21]} Qc7 {[%clk 01:29:40]} {[%emt 00:00:35]}
11. Rfe1 {[%clk 01:32:01]} {[%emt 00:00:12]} Rae8 {[%clk 01:28:55]} {[%emt
00:01:17]} 12. Bh4 {[%clk 01:28:04]} {[%emt 00:04:25]} Ne4 {[%clk 01:17:36]}
{[%emt 00:11:50]} 13. Nxe4 {[%clk 01:22:18]} {[%emt 00:06:16]} dxe4 {[%clk
01:17:06]} {[%emt 00:01:01]} 14. Bxe4 {[%clk 01:17:23]} {[%emt 00:05:24]} f5
{[%clk 01:16:07]} {[%emt 00:01:30]} 15. Bd3 {[%clk 01:05:21]} {[%emt 00:12:32]}
Bxf3 {[%clk 01:14:27]} {[%emt 00:02:09]} 16. gxf3 {[%clk 01:05:01]} {[%emt
00:00:50]} Bxh2+ {[%clk 01:14:51]} {[%emt 00:00:07]} 17. Kg2 {[%clk 01:02:53]}
{[%emt 00:02:38]} Bf4 {[%clk 01:08:00]} {[%emt 00:07:22]} 18. Bg3 {[%clk
00:59:57]} {[%emt 00:03:25]} Rxe1 {[%clk 01:06:05]} {[%emt 00:02:25]} 19. Rxe1
{[%clk 01:00:14]} {[%emt 00:00:12]} Rf6 {[%clk 01:06:22]} {[%emt 00:00:13]} 20.
Bxf5 {[%clk 00:57:20]} {[%emt 00:03:25]} Nf8 {[%clk 01:04:44]} {[%emt
00:02:07]} 21. Re8 {[%clk 00:54:06]} {[%emt 00:03:44]} g6 {[%clk 01:02:46]}
{[%emt 00:02:29]} 22. Bd3 {[%clk 00:43:22]} {[%emt 00:11:14]} Qa5 {[%clk
00:56:37]} {[%emt 00:06:38]} 23. Qb3+ {[%clk 00:34:29]} {[%emt 00:09:23]} Kg7
{[%clk 00:56:32]} {[%emt 00:00:34]} 24. Qxb7+ {[%clk 00:33:22]} {[%emt
00:01:38]} Kh6 {[%clk 00:56:37]} {[%emt 00:00:25]} 25. Qe7 {[%clk 00:32:00]}
{[%emt 00:01:52]} Qg5 {[%clk 00:55:32]} {[%emt 00:01:34]} 26. Rxf8 {[%clk
00:30:16]} {[%emt 00:02:14]} Rxf8 {[%clk 00:52:02]} {[%emt 00:04:01]} 27. Qxf8+
{[%clk 00:30:19]} {[%emt 00:00:27]} Kh5 {[%clk 00:52:25]} {[%emt 00:00:07]} 28.
Qxf4 {[%clk 00:29:52]} {[%emt 00:00:57]} Qe7 {[%clk 00:49:16]} {[%emt
00:03:36]} 29. Qe5+ {[%clk 00:29:37]} {[%emt 00:00:49]} Qg5 {[%clk 00:49:10]}
{[%emt 00:00:36]} 30. Qxg5+ {[%clk 00:29:56]} {[%emt 00:00:11]} Kxg5 {[%clk
00:49:37]} {[%emt 00:00:04]} 31. Be4 {[%clk 00:30:07]} {[%emt 00:00:19]} c5
{[%clk 00:44:50]} {[%emt 00:05:17]} 32. d5 {[%clk 00:30:28]} {[%emt 00:00:08]}
Kf6 {[%clk 00:45:13]} {[%emt 00:00:08]} 33. d6 {[%clk 00:30:33]} {[%emt
00:00:25]} Ke6 {[%clk 00:45:35]} {[%emt 00:00:08]} 34. Bc6 {[%clk 00:30:15]}
{[%emt 00:00:47]} 1-0

[Event "DVM U20w 2023"]
[Site "Magdeburg GER"]
[Date "2023.12.28"]
[Round "3"]
[White "Daoud, Shahnaz"]
[Black "Claussen, Daniela"]
[Result "1-0"]
[Termination "normal"]
[Board "10.4"]
[WhiteElo "1346"]
[BlackElo "1041"]
[WhiteClock "00:03:43"]
[BlackClock "00:29:35"]
[WhiteTeam "SK Lehrte 1919"]
[BlackTeam "SF Essen-Werden 1924/80"]
[PlyCount "65"]
[WhiteFideId "16297750"]
[BlackFideId "16248929"]
[EventCountry "GER"]
[EventRounds "7"]
[EventType "team-swiss"]
[EventDate "2023.12.26"]

1. d4 {[%clk 01:30:58]} {[%emt 00:00:02]} e6 {[%clk 01:30:52]} {[%emt
00:00:09]} 2. Nf3 {[%clk 01:31:22]} {[%emt 00:00:06]} b6 {[%clk 01:31:06]}
{[%emt 00:00:15]} 3. e4 {[%clk 01:31:39]} {[%emt 00:00:14]} Bb7 {[%clk
01:31:28]} {[%emt 00:00:07]} 4. Bd3 {[%clk 01:31:59]} {[%emt 00:00:09]} Nf6
{[%clk 01:30:24]} {[%emt 00:01:34]} 5. Nc3 {[%clk 01:32:06]} {[%emt 00:00:23]}
Bb4 {[%clk 01:30:29]} {[%emt 00:00:27]} 6. Bg5 {[%clk 01:29:42]} {[%emt
00:02:55]} Bxc3+ {[%clk 01:30:25]} {[%emt 00:00:32]} 7. bxc3 {[%clk 01:29:54]}
{[%emt 00:00:18]} h6 {[%clk 01:30:24]} {[%emt 00:00:32]} 8. Bxf6 {[%clk
01:22:20]} {[%emt 00:08:03]} Qxf6 {[%clk 01:30:27]} {[%emt 00:00:26]} 9. O-O
{[%clk 01:17:52]} {[%emt 00:04:58]} O-O {[%clk 01:29:18]} {[%emt 00:01:40]} 10.
Re1 {[%clk 01:15:53]} {[%emt 00:02:27]} d6 {[%clk 01:26:36]} {[%emt 00:03:13]}
11. Qd2 {[%clk 01:00:19]} {[%emt 00:16:02]} Nd7 {[%clk 01:24:29]} {[%emt
00:02:39]} 12. Rab1 {[%clk 00:50:08]} {[%emt 00:10:39]} c5 {[%clk 01:22:06]}
{[%emt 00:02:55]} 13. Bb5 {[%clk 00:39:23]} {[%emt 00:11:13]} Rfd8 {[%clk
01:20:07]} {[%emt 00:02:29]} 14. Rbc1 {[%clk 00:33:57]} {[%emt 00:05:54]} Rac8
{[%clk 01:17:27]} {[%emt 00:03:13]} 15. Qe2 {[%clk 00:28:11]} {[%emt 00:06:17]}
e5 {[%clk 01:05:12]} {[%emt 00:12:45]} 16. d5 {[%clk 00:23:11]} {[%emt
00:05:29]} Rc7 {[%clk 01:02:01]} {[%emt 00:03:40]} 17. c4 {[%clk 00:21:36]}
{[%emt 00:02:06]} Qg6 {[%clk 00:57:44]} {[%emt 00:04:48]} 18. Bxd7 {[%clk
00:18:12]} {[%emt 00:03:54]} Rcxd7 {[%clk 00:57:14]} {[%emt 00:01:01]} 19. Nh4
{[%clk 00:17:52]} {[%emt 00:00:50]} Qg5 {[%clk 00:56:38]} {[%emt 00:01:07]} 20.
Nf5 {[%clk 00:17:19]} {[%emt 00:01:03]} Bc8 {[%clk 00:52:09]} {[%emt 00:04:58]}
21. Rcd1 {[%clk 00:12:06]} {[%emt 00:05:44]} Kh7 {[%clk 00:43:18]} {[%emt
00:09:21]} 22. h4 {[%clk 00:10:31]} {[%emt 00:02:05]} Qf6 {[%clk 00:41:39]}
{[%emt 00:02:09]} 23. Qe3 {[%clk 00:07:48]} {[%emt 00:03:12]} Rg8 {[%clk
00:38:24]} {[%emt 00:03:46]} 24. Rd3 {[%clk 00:05:43]} {[%emt 00:02:34]} g5
{[%clk 00:35:49]} {[%emt 00:03:05]} 25. hxg5 {[%clk 00:05:51]} {[%emt
00:00:22]} Qxg5 {[%clk 00:35:54]} {[%emt 00:00:25]} 26. Qh3 {[%clk 00:06:02]}
{[%emt 00:00:20]} Rg6 {[%clk 00:34:21]} {[%emt 00:02:03]} 27. Rg3 {[%clk
00:05:18]} {[%emt 00:01:14]} Qf6 {[%clk 00:34:18]} {[%emt 00:00:33]} 28. Ree3
{[%clk 00:04:35]} {[%emt 00:01:13]} Rd8 {[%clk 00:33:27]} {[%emt 00:01:21]} 29.
Rxg6 {[%clk 00:04:04]} {[%emt 00:01:00]} Qxg6 {[%clk 00:33:40]} {[%emt
00:00:18]} 30. Rg3 {[%clk 00:04:24]} {[%emt 00:00:10]} Qf6 {[%clk 00:33:54]}
{[%emt 00:00:16]} 31. Qg4 {[%clk 00:04:09]} {[%emt 00:00:44]} Qg6 {[%clk
00:32:05]} {[%emt 00:02:20]} 32. Qh4 {[%clk 00:04:01]} {[%emt 00:00:36]} Qxg3
{[%clk 00:29:35]} {[%emt 00:03:02]} 33. fxg3 {[%clk 00:03:43]} {[%emt
00:00:48]} 1-0